=LDR 00000nam 2200000 4500 =001 INLIS000000000038568 =005 20130612144231 =008 ***********************************Ind** =035 ##$$0010-061300000038568 =041 ##$$a Ind =082 ##$$a 641.5 =090 ##$$a 641.5, Win c =100 ##$$a Winneke, Odilia =245 ##$$a Cooking with style 3, Odilia Winneke =260 ##$$a 2011 $b Jakarta =300 ##$$a 56 hlm, Ilus, 22 cm =650 ##$$a Masakan - Resep =850 ##$$a NBPNMAT =990 ##$$a 92546/BPAP-NTB/2014 =990 ##$$a 2090100995/BPAP-NTB/2015 =990 ##$$a 76087608 =990 ##$$a 76097609 =990 ##$$a 01201707609 =990 ##$$a 92546/BPAP-NTB/2014 =990 ##$$a 2090100995/BPAP-NTB/2015 =990 ##$$a 01201707608